English loanwords in Japanese - Statistics

General Stats
  • This quiz has been taken 44 times
  • The average score is 11 of 20
Answer Stats
Hint Answer % Correct
Pengin Penguin
100%
Imēji Image
90%
Chikin Chicken
89%
Konpyūtā Computer
87%
Ranchi Lunch
87%
No
87%
Anime Animation
85%
Baipasu Bypass
85%
Hippuhoppu Hiphop
78%
Remon Lemon
77%
Gorufu Golf
75%
Hankachi Handkerchief
71%
Aidoru Idol
69%
Kēki Cake
67%
Karē Curry
67%
Fainaru Final
67%
Toire Toilet
67%
Hanbāgā Hamburger
63%
Miruku Milk
60%
Batā Butter
59%
Janpu Jump
59%
Sumaho Smartphone
58%
Konbini Convenience Store
56%
Gibuappu Give Up
55%
Eakon Air Conditioning
54%
Gurasu Glass
54%
Maiku Microphone
54%
Kashūnattsu Cashew
50%
Depāto Department Store
50%
Sando Sandwich
50%
Daburu Double
48%
Indoa Indoor
47%
Chiarīdā Cheerleader
46%
Burezā Blazer
45%
Amefuto American Football
38%
Taiya Tyre
38%
Chiketto Ticket
35%
Supōtsu Sports
33%
Iesū Yes
33%
Pasokon PC
31%
Purei Play
31%
Gyararī Gallery
26%
Bāgen Bargain
25%
Donmai Don't Mind
24%
Kyabetsu Cabbage
20%
Doraibusurū Drive through
18%
Pāma Perm
17%
Biru Building
13%
Ārubui RV
9%
Sekuhara Sexual Harassment
9%
No matching quizzes found
Score Distribution
Percent of People with Each Score
Percentile by Number Answered
Your Score History
You have not taken this quiz